00260nam a2200109Ia 4500100001900000650001900019245005400038260001700092082002100109300000800130546001200138 aBhor/Priyanka  aCommunications aBasics of Analog and digital communication system bNarosac2009 a621.382/BHObBHO a289 aENGLISH